Việt Nam sử lược

Nội dung gồm: Thượng cổ thời đại; Bắc thuộc thời đại; Tự chủ thời đại; Tự chủ thời đại (thời kỳ Nam Bắc phân tranh); Cận Kim thời đại

Gespeichert in:
Bibliographische Detailangaben
1. Verfasser: Trần, Trọng Kim
Format: Buch
Sprache:Undetermined
Veröffentlicht: Hà Nội Trung tâm Học liệu 2005
Schlagworte:
Tags: Tag hinzufügen
Keine Tags, Fügen Sie den ersten Tag hinzu!
Thư viện lưu trữ: Trung tâm Học liệu Trường Đại học Cần Thơ
LEADER 00784nam a2200205Ia 4500
001 CTU_206426
008 210402s9999 xx 000 0 und d
082 |a 959.7 
082 |b K310 
100 |a Trần, Trọng Kim 
245 0 |a Việt Nam sử lược 
245 0 |c Trần Trọng Kim 
260 |a Hà Nội 
260 |b Trung tâm Học liệu 
260 |c 2005 
520 |a Nội dung gồm: Thượng cổ thời đại; Bắc thuộc thời đại; Tự chủ thời đại; Tự chủ thời đại (thời kỳ Nam Bắc phân tranh); Cận Kim thời đại 
650 |a Việt Nam,Vietnam 
650 |x Lịch sử,History 
904 |i Tuyến 
980 |a Trung tâm Học liệu Trường Đại học Cần Thơ